000 00406nam a2200169Ia 4500
008 090711s9999 xx 000 0 und d
082 _b59017
100 _aबागवे अशोक
245 _aआलम
260 _c1983
300 _a81
600 _aबागवे अशोक
630 _aआलम
700 _aबागवे अशोक
730 _aआलम
942 _cBOOK
999 _c291264
_d291264